Principles of financial and managerial accounting
Uloženo v:
| Hlavní autoři: | , |
|---|---|
| Médium: | Kniha |
| Jazyk: | angličtina |
| Vydáno: |
Cincinnati
South Western
1986
|
| Edice: | Serie, A20
|
| Témata: | |
| Tagy: |
Přidat tag
Žádné tagy, Buďte první, kdo vytvoří štítek k tomuto záznamu!
|
MARC
| LEADER | 00000nam a2200000 a 4500 | ||
|---|---|---|---|
| 001 | UCT7556 | ||
| 003 | CL-VaPUC | ||
| 008 | 970123e19860000US |||||||||||||||||eng|d | ||
| 082 | 0 | 4 | |a 658.15 |b WAR |2 21 |
| 100 | 0 | |a Warren, Carl S |e author |9 378554 | |
| 700 | 0 | |a Fess, Philip E |e author |9 378555 | |
| 245 | 1 | 0 | |a Principles of financial and managerial accounting |
| 300 | |a 1050 p | ||
| 942 | |c BK | ||
| 945 | |d 19970123 00:00:00 |a nastorga | ||
| 260 | |a Cincinnati |b South Western |c 1986 | ||
| 650 | 0 | |a Finanzas |9 260832 | |
| 650 | 0 | |a Contabilidad gerencial |9 263747 | |
| 650 | 0 | |a Contabilidad financiera |9 307017 | |
| 650 | 0 | |a Sistemas financieros |9 378545 | |
| 650 | 7 | |a EQUIDAD |2 CL-VaPUC |9 256656 | |
| 650 | 0 | |a Administración |9 259325 | |
| 650 | 7 | |a PLANIFICACION |2 CL-VaPUC |9 260802 | |
| 650 | 0 | |a Control |9 330602 | |
| 650 | 0 | |a Análisis financiero |9 264523 | |
| 583 | |a last modification |c 19970123 00:00:00 |k Rodrigo Vera | ||
| 490 | 0 | |a Serie, A20 | |
| 999 | |c 256141 |d 256139 | ||
| 952 | |0 0 |1 0 |4 0 |6 658_150000000000000_WAR_1986 |7 0 |8 P |9 278714 |a BIBGIM |b BIBGIM |d 2019-11-19 |i 3277399 |o 658.15 WAR 1986 |p 3277399 |r 2025-01-15 |w 2019-11-19 |y BK |k COM | ||